000 00541nam a22002057a 4500
003 OSt
005 20170327151941.0
008 170327b xxu||||| |||| 00| 0 eng d
020 _a8185790647
020 _a9788185790640
040 _cDMLN
082 _aQV737 J99p 2007
100 _aJyothi, B. Jeevana
_911966
245 _aPractical Manual of Pharmaceutical Engineering
260 _aMomai; Nirali Prakashan, 2007
300 _a54p; ill: 24.5cm
650 _aPharmaceuticals
_95840
650 _aEngineering
_9373
942 _2z
_cSLOAN
999 _c5752
_d5752